000 00443nam a2200181Ia 4500
001 24492
005 20260414151047.0
008 260414t2013||||xx |||||||||||||| ||spa||
041 _aESP
082 _a345.71
_bA72
100 _aAriano Deho, Eugenia
_eAUT
245 0 _aLas medidas cautelares en el proceso civil
_b
260 _c2013
300 _a494 páginas :
_c25 cm.
650 _aDER
654 _aCDE
942 _cLIB
_dJUS
_fJUS
_2ddc
_n
999 _c24492
_d24492